00632nam a2200193Ia 450000500170000000800410001702000180005804000130007608200160008910000150010524500410012026000350016130000140019654600120021065000330022294200070025595201590026299900170042120260413110822.0231207s9999 xx 000 0 und d a9780201884203 cPK-LaNCA a006.66bFOL aFoley, Don 0aAnimation and 3D modeling on the Mac bPeachpit PressaBerkeleyc1995 a144pbill aEnglish aAnimation Computer graphics. cBK 0010406006_660000000000000_DON_1777670913710aNCAbNCAcLibrary Basement d2023-12-08l0o006.66 DON 17776p17776r2023-12-08 00:00:00w2023-12-08yBK c13710d13710